000 00417nam a2200181Ia 4500
003 GCL
008 140319s9999 xx 000 0 eng d
040 _aGCL /
_cGCL
082 0 4 _a759
_bF V
100 1 _aFEAVER, WILLIAM
245 1 0 _aVAN GOGH /
_cFEAVER, WILLIAM
260 _a[S.N] :
_bHAZAN ،
_c1994
300 _a141
650 0 4 _aGOGH, VAN
650 0 4 _aPAINTING
650 0 4 _aPAINTINGS
942 _2ddc
_cBK
999 _c24361
_d24361